| 000 | 00354nam a22001097a 4500 | ||
|---|---|---|---|
| 008 | 230606b xxu||||| |||| 00| 0 eng d | ||
| 082 |
_a338.96762 _bKEN |
||
| 245 |
_aFirst Medium Tern Plan (2008 - 2012) _bKeya Vision 2030 _cGovernment of the Republic of Kenya |
||
| 260 |
_aKenya _bGovernment of the Republic of Kenya _c2008 |
||
| 300 | _a200 p | ||
| 942 |
_2ddc _cBK |
||
| 999 |
_c503 _d503 |
||